Aportes para una pedagogía de la persona.

Detalles Bibliográficos
Autor principal: Flores D«arcais, Guiseppe
Formato: Libro
Lenguaje:inglés
Publicado: OEA 1995
Colección:Interamer. Serie educativa 49
Materias:

MARC

LEADER 00000cam a2200000 a 4500
001 013782
003 UAHC_CL
005 20170803121047.0
008 010822b xx j 000 1 eng
040 |a UAHC_CL  |c UAHC_CL  |d UAHC_CL 
082 0 4 |a 370 F634 
100 1 |a Flores D«arcais, Guiseppe 
245 1 0 |a Aportes para una pedagogía de la persona. 
260 |b OEA  |c 1995 
300 |a 79 p. 
490 0 |a Interamer. Serie educativa  |v 49 
650 4 |a EDUCACION 
900 |a 370 FLO 
942 |c BK 
952 |0 0  |1 0  |4 0  |6 370_000000000000000_FLO  |7 0  |8 General  |9 27672  |a BC  |b BC  |c General  |d 2017-08-03  |o 370 FLO  |p 1303660  |r 2026-01-13 00:00:00  |t 1  |w 2017-08-03  |y BK 
999 |c 13782  |d 13782